• 首页
  • 本馆介绍
  • 公告通知
  • 最新文献
  • 馆藏检索
  • 电子资源
  • 读者导购
  • 参考咨询
  • 我的图书馆
  • 登录
  • 详细信息显示
  • 放入我的书架
  • 预约/预借图书
  • 作者相关作品
  • 分类相关作品
  • 丛书相关作品
  • 出版社相关作品

书目信息

  • 表格格式
  • 工作单格式
  • 卡片格式
题名:
制度发展
    
 
作者: 麦吉尔 著 ;姜杰 , 杜增杰 , 黄晴 译
分册:  
出版信息: 北京   北京大学出版社  2009.06
页数: 252页
开本: 23cm
丛书名: 未名社科·城市管理名著译丛
单 册:
中图分类: F299.11
科图分类:
主题词: 发展中国家--城市管理--研究 , 发展中国家 , 城市管理
电子资源:
ISBN: 978-7-301-15357-4
000 01353oam2 2200337 450
001 004225359
005 20091208153654.18
010    @a978-7-301-15357-4@dCNY29.00
100    @a20090807d2009 em y0chiy0110 ea
101 1  @achi@ceng
102    @aCN@b110000
105    @ay z 000yy
106    @ar
200 1  @a制度发展@9zhi du fa zhan@e第三世界城市管理透视@dInstitutional development@ea third world city management perspective@f(英)罗纳德·麦吉尔(Ronald McGill)著@g姜杰,杜增杰,黄晴译@zeng
210    @a北京@c北京大学出版社@d2009.06
215    @a252页@d23cm
225 2  @a未名社科·城市管理名著译丛
330    @a本书以第三世界城市管理的制度发展为主题,探讨如何能高效地推动第三世界的城市管理工作,对于制度发展提出了一套整体理论和实践方面的建议。
461  0 @12001 @a未名社科·城市管理名著译丛
510 1  @aInstitutional development@ea third world city management perspective@zeng
517 1  @a第三世界城市管理透视@9di san shi jie cheng shi guan li tou shi
606 0  @a发展中国家@x城市管理@x研究
606 0  @a发展中国家
606 0  @a城市管理
690    @aF299.11@v4
701  0 @c(英)@a麦吉尔@9mai ji er@c(McGill, Ronald)@4著
702  0 @a姜杰@9jiang jie@f(1960~)@4译
702  0 @a杜增杰@9du zeng jie@f(1982~)@4译
702  0 @a黄晴@9huang qing@4译
801  0 @aCN@bNLC@c20091208
905    @b20795469-74@dF299.11@e739@f6
    
    制度发展:第三世界城市管理透视=Institutional development:a third world city management perspective/(英)罗纳德·麦吉尔(Ronald McGill)著/姜杰,杜增杰,黄晴译.-北京:北京大学出版社,2009.06
    252页;23cm.-(未名社科·城市管理名著译丛)
    
    
    ISBN 978-7-301-15357-4:CNY29.00
    本书以第三世界城市管理的制度发展为主题,探讨如何能高效地推动第三世界的城市管理工作,对于制度发展提出了一套整体理论和实践方面的建议。
●
相关链接 在E读中查询图书 在五车中查询图书 在当当中查询图书 在豆瓣中查询图书


正题名:制度发展     索取号:F299.11/739         预约/预借

序号 登录号 条形码 馆藏地/架位号 状态 备注
1 795469   207954695   第一样本阅览室/ [索取号:F299.11/739] 在馆    
2 795470   207954702   第一借阅区/ [索取号:F299.11/739] 在馆    
3 795471   207954711   第一借阅区/ [索取号:F299.11/739] 在馆    
4 795472   207954720   第一借阅区/ [索取号:F299.11/739] 在馆    
5 795473   207954739   第一借阅区/ [索取号:F299.11/739] 在馆    
6 795474   207954748   密集书库-资源管理系/ [索取号:F299.11/739] 在馆    
唐山师范学院图书馆 欢迎您!
大连网信软件有限公司© 版权所有